[Event "24. European Club Cup 2008"]
[Site "Kallithea GRE"]
[Date "2008.10.23"]
[Round "7.15"]
[White "Zhang, Pengxiang"]
[Black "Van Der Werf, Mark"]
[Result "1-0"]
[WhiteElo "2636"]
[BlackElo "2414"]
[PlyCount "89"]
[EventDate "2008.10.17"]
[EventType "team-swiss"]
[EventRounds "7"]
[EventCountry "GRE"]
[Source "lmi"]
[SourceDate "2008.10.17"]
[WhiteTeam "Iretza"]
[BlackTeam "LSG"]

1. e4 e5 2. Nf3 Nc6 3. Bb5 Nf6 4. d3 Bc5 5. O-O Nd4 6. Nxd4 Bxd4 7. c3 Bb6 8.
Bg5 c6 9. Bc4 h6 10. Be3 O-O 11. Bb3 d5 12. Bxb6 Qxb6 13. Nd2 dxe4 14. Nxe4
Nxe4 15. dxe4 a5 16. Qc2 Re8 17. h3 Be6 18. Bxe6 Rxe6 19. Rad1 Rd8 20. Qb3 Qc7
21. Rxd8+ Qxd8 22. Qxb7 Qd3 23. Qa8+ Kh7 24. Qxa5 Qxe4 25. Qb4 Qe2 26. c4 Rf6
27. Qc3 Rf4 28. b3 Qxa2 29. Qxe5 Rf6 30. Qe3 Qb2 31. Rd1 Re6 32. Qf3 Rf6 33.
Qg3 g6 34. Rd3 Kg7 35. Qe3 Re6 36. Qd2 Qa1+ 37. Kh2 h5 38. Re3 Qf6 39. Rxe6
Qxe6 40. Qd4+ Kh7 41. b4 Qe8 42. Qc5 Qb8+ 43. Kh1 h4 44. Qxc6 Qxb4 45. Qe4 1-0

[Event "24. European Club Cup 2008"]
[Site "Kallithea GRE"]
[Date "2008.10.23"]
[Round "7.15"]
[White "Gonzalez, De La Torre Santiag"]
[Black "Van Wessel, Rudy"]
[Result "1/2-1/2"]
[WhiteElo "2382"]
[BlackElo "2307"]
[PlyCount "81"]
[EventDate "2008.10.17"]
[EventType "team-swiss"]
[EventRounds "7"]
[EventCountry "GRE"]
[Source "lmi"]
[SourceDate "2008.10.17"]
[WhiteTeam "Iretza"]
[BlackTeam "LSG"]

1. e4 c5 2. Nf3 d6 3. d4 Nf6 4. Nc3 cxd4 5. Nxd4 a6 6. Bc4 e6 7. Bb3 Nbd7 8.
Bg5 Nc5 9. f4 Be7 10. Qf3 O-O 11. O-O-O Qc7 12. Rhe1 b5 13. e5 dxe5 14. fxe5
Bb7 15. Qf4 Nxb3+ 16. axb3 Nd5 17. Nxd5 Bxd5 18. Bxe7 Qxe7 19. Nf5 exf5 20.
Rxd5 g6 21. Red1 Rfe8 22. Qd4 Qg5+ 23. Rd2 Re6 24. Rd6 Rae8 25. Rxe6 Rxe6 26.
c4 Kg7 27. Kb1 f4 28. Re2 Qh5 29. Qe4 Qxh2 30. Ka2 g5 31. c5 Qh6 32. Qd4 Qh5
33. Re4 Kh6 34. Qd7 Qg6 35. Rd4 Rxe5 36. Rd6 Rxc5 37. Rxg6+ fxg6 38. Qh3+ Kg7
39. Qd7+ Kh6 40. Qh3+ Kg7 41. Qd7+ 1/2-1/2

[Event "24. European Club Cup 2008"]
[Site "Kallithea GRE"]
[Date "2008.10.23"]
[Round "7.15"]
[White "Van Ketel, Raoul"]
[Black "Argandona, Riveiro Inigo"]
[Result "0-1"]
[WhiteElo "2285"]
[BlackElo "2385"]
[PlyCount "61"]
[EventDate "2008.10.17"]
[EventType "team-swiss"]
[EventRounds "7"]
[EventCountry "GRE"]
[Source "lmi"]
[SourceDate "2008.10.17"]
[WhiteTeam "LSG"]
[BlackTeam "Iretza"]

1. d4 d5 2. c4 c6 3. Nc3 Nf6 4. e3 g6 5. Nf3 Bg7 6. Be2 O-O 7. O-O dxc4 8. Bxc4
Bg4 9. b4 Nbd7 10. Bb2 Qc7 11. Rc1 e5 12. dxe5 Nxe5 13. Be2 Rad8 14. Nd4 Bxe2
15. Qxe2 Rfe8 16. Rfd1 Nfg4 17. g3 h5 18. Na4 Qe7 19. h3 Qxb4 20. hxg4 hxg4 21.
Qc2 Nf3+ 22. Kg2 Rd5 23. Bc3 Qc4 24. Ba1 Qb4 25. Nxf3 gxf3+ 26. Kxf3 Rf5+ 27.
Kg2 Qg4 28. Rh1 Rxe3 29. Qc4 Rxf2+ 30. Kxf2 Qxg3+ 31. Kf1 0-1

[Event "24. European Club Cup 2008"]
[Site "Kallithea GRE"]
[Date "2008.10.23"]
[Round "7.16"]
[White "Hera, Imre Jr"]
[Black "Pavasovic, Dusko"]
[Result "1/2-1/2"]
[WhiteElo "2530"]
[BlackElo "2597"]
[PlyCount "55"]
[EventDate "2008.10.17"]
[EventType "team-swiss"]
[EventRounds "7"]
[EventCountry "GRE"]
[Source "lmi"]
[SourceDate "2008.10.17"]
[WhiteTeam "Szombathely"]
[BlackTeam "Ptuj"]

1. d4 d5 2. Nf3 Nf6 3. c4 e6 4. g3 dxc4 5. Bg2 c5 6. O-O Nc6 7. Qa4 Bd7 8. Qxc4
cxd4 9. Nxd4 Rc8 10. Nxc6 Bxc6 11. Bxc6+ Rxc6 12. Qb5 Qc8 13. Nd2 Be7 14. Nf3
O-O 15. Be3 a6 16. Qb3 Nd5 17. Bd4 Bc5 18. Rfd1 Bxd4 19. Rxd4 Rc2 20. e3 Qc7
21. Rad1 h6 22. R4d2 Rxd2 23. Rxd2 Rc8 24. Nd4 Qc1+ 25. Rd1 Qc7 26. Rd2 Qc1+
27. Rd1 Qc7 28. Rd2 1/2-1/2

[Event "24. European Club Cup 2008"]
[Site "Kallithea GRE"]
[Date "2008.10.23"]
[Round "7.16"]
[White "Borisek, Jure"]
[Black "Kovacs, Gabor"]
[Result "1-0"]
[WhiteElo "2548"]
[BlackElo "2490"]
[PlyCount "49"]
[EventDate "2008.10.17"]
[EventType "team-swiss"]
[EventRounds "7"]
[EventCountry "GRE"]
[Source "lmi"]
[SourceDate "2008.10.17"]
[WhiteTeam "Ptuj"]
[BlackTeam "Szombathely"]

1. e4 e5 2. Nf3 Nf6 3. d4 Nxe4 4. Bd3 d5 5. Nxe5 Nd7 6. Nxd7 Bxd7 7. O-O Bd6 8.
Qh5 Nf6 9. Re1+ Be7 10. Qf3 Be6 11. Bf4 O-O 12. Nd2 Re8 13. h3 Qc8 14. g4 Nd7
15. Qg3 c6 16. Be3 Qd8 17. Re2 c5 18. c3 cxd4 19. Bxd4 Nc5 20. Bc2 Bd6 21. Qf3
a6 22. Rae1 Qd7 23. b4 Na4 24. Qd3 g6 25. Qf3 1-0

[Event "24. European Club Cup 2008"]
[Site "Kallithea GRE"]
[Date "2008.10.23"]
[Round "7.16"]
[White "Nemeth, Miklos"]
[Black "Maksimenko, Andrei"]
[Result "1/2-1/2"]
[WhiteElo "2479"]
[BlackElo "2536"]
[PlyCount "27"]
[EventDate "2008.10.17"]
[EventType "team-swiss"]
[EventRounds "7"]
[EventCountry "GRE"]
[Source "lmi"]
[SourceDate "2008.10.17"]
[WhiteTeam "Szombathely"]
[BlackTeam "Ptuj"]

1. e4 c5 2. Nf3 d6 3. Bc4 Nf6 4. d3 e6 5. Bb3 Be7 6. c3 O-O 7. O-O b6 8. Re1
Bb7 9. h3 Nbd7 10. Bc2 b5 11. Nbd2 Re8 12. Nf1 Bf8 13. Ng3 g6 14. d4 1/2-1/2

[Event "24. European Club Cup 2008"]
[Site "Kallithea GRE"]
[Date "2008.10.23"]
[Round "7.16"]
[White "Polajzer, Danilo"]
[Black "Rachela, Milan"]
[Result "0-1"]
[WhiteElo "2360"]
[BlackElo "2358"]
[PlyCount "86"]
[EventDate "2008.10.17"]
[EventType "team-swiss"]
[EventRounds "7"]
[EventCountry "GRE"]
[Source "lmi"]
[SourceDate "2008.10.17"]
[WhiteTeam "Ptuj"]
[BlackTeam "Szombathely"]

1. Nf3 Nf6 2. c4 e6 3. Nc3 Bb4 4. Qc2 c5 5. a3 Ba5 6. g3 O-O 7. Bg2 Nc6 8. O-O
d6 9. e3 e5 10. d3 Rb8 11. Nd2 Bd7 12. Nde4 Nxe4 13. Bxe4 Bh3 14. Rd1 f5 15.
Bd5+ Kh8 16. f4 Ne7 17. Bf3 exf4 18. gxf4 Bg4 19. Bxg4 fxg4 20. Qg2 Bxc3 21.
bxc3 Qd7 22. e4 Ng6 23. Rf1 b5 24. cxb5 Rxb5 25. Qg3 c4 26. d4 d5 27. f5 Ne7
28. Qxg4 dxe4 29. Qxe4 Rbxf5 30. Rxf5 Nxf5 31. Bf4 Nxd4 32. Qxd4 Qxd4+ 33. cxd4
Rxf4 34. Rb1 Kg8 35. Rb7 Rf7 36. Rb8+ Rf8 37. Rb4 Rc8 38. Kf2 c3 39. Rb1 c2 40.
Rc1 Kf7 41. Ke3 Ke6 42. Ke4 Kd6 43. a4 a5 0-1

[Event "24. European Club Cup 2008"]
[Site "Kallithea GRE"]
[Date "2008.10.23"]
[Round "7.16"]
[White "Roskar, Robert"]
[Black "Csonka, Attila"]
[Result "0-1"]
[WhiteElo "2269"]
[BlackElo "2275"]
[PlyCount "66"]
[EventDate "2008.10.17"]
[EventType "team-swiss"]
[EventRounds "7"]
[EventCountry "GRE"]
[Source "lmi"]
[SourceDate "2008.10.17"]
[WhiteTeam "Ptuj"]
[BlackTeam "Szombathely"]

1. e4 c5 2. Nf3 e6 3. d4 cxd4 4. Nxd4 Nc6 5. Nxc6 bxc6 6. Bd3 e5 7. O-O Nf6 8.
c4 Be7 9. Nc3 O-O 10. Qe2 d6 11. b3 Bg4 12. Qe3 Be6 13. Ba3 Qa5 14. Na4 Nd7 15.
Bb2 Rad8 16. Rac1 Qc7 17. Rfd1 h6 18. Qg3 Bg5 19. Rc2 Nf6 20. h3 Nh5 21. Qf3
Nf4 22. Bc1 Ng6 23. Bxg5 hxg5 24. Qh5 Nf4 25. Qxg5 Bxh3 26. Bf1 Bc8 27. Rc3 f6
28. Qh4 g5 29. Qg3 Qh7 30. c5 dxc5 31. Rxd8 Rxd8 32. Nxc5 Rd1 33. Qf3 Rxf1+ 0-1

[Event "24. European Club Cup 2008"]
[Site "Kallithea GRE"]
[Date "2008.10.23"]
[Round "7.17"]
[White "Ris, Robert"]
[Black "Swinkels, Robin"]
[Result "1-0"]
[WhiteElo "2417"]
[BlackElo "2451"]
[PlyCount "107"]
[EventDate "2008.10.17"]
[EventType "team-swiss"]
[EventRounds "7"]
[EventCountry "GRE"]
[Source "lmi"]
[SourceDate "2008.10.17"]
[WhiteTeam "Utrecht"]
[BlackTeam "Eynatten"]

1. d4 Nf6 2. c4 e6 3. Nf3 b6 4. g3 Bb7 5. Bg2 Be7 6. O-O O-O 7. Nc3 Ne4 8. Nxe4
Bxe4 9. Ne1 Bxg2 10. Nxg2 d5 11. Qa4 dxc4 12. Qxc4 c5 13. dxc5 Bxc5 14. Be3 Nd7
15. Rac1 Qe7 16. Bxc5 Nxc5 17. Rfd1 Rfd8 18. Nf4 Rxd1+ 19. Rxd1 Rd8 20. Rxd8+
Qxd8 21. b4 Qd1+ 22. Kg2 Nd7 23. Qc7 Nf8 24. Qxa7 e5 25. Nh3 Qxe2 26. Qxb6 Qxa2
27. Qb7 f6 28. b5 Qf7 29. Qc6 Qd7 30. Qc4+ Qe6 31. Qxe6+ Nxe6 32. f4 exf4 33.
Nxf4 Kf7 34. b6 Nc5 35. Kf3 Ke7 36. h4 Nd7 37. b7 f5 38. Ke3 Nb8 39. Ne2 g6 40.
Nd4 Kf6 41. Nf3 Nc6 42. Ne1 Ke5 43. Nd3+ Kd6 44. Kf4 Kc7 45. Kg5 Nd4 46. Nf4
Nf3+ 47. Kh6 Kxb7 48. Kxh7 g5 49. h5 Nd2 50. h6 Ne4 51. Kg6 Nxg3 52. h7 gxf4
53. h8=Q f3 54. Qb2+ 1-0

[Event "24. European Club Cup 2008"]
[Site "Kallithea GRE"]
[Date "2008.10.23"]
[Round "7.17"]
[White "Jens, Jelmer"]
[Black "Roeder, Matthias"]
[Result "1/2-1/2"]
[WhiteElo "2379"]
[BlackElo "2432"]
[PlyCount "36"]
[EventDate "2008.10.17"]
[EventType "team-swiss"]
[EventRounds "7"]
[EventCountry "GRE"]
[Source "lmi"]
[SourceDate "2008.10.17"]
[WhiteTeam "Utrecht"]
[BlackTeam "Eynatten"]

1. e4 c5 2. Nf3 d6 3. d4 cxd4 4. Nxd4 Nf6 5. Nc3 a6 6. Bg5 e6 7. f4 Qb6 8. Qd2
Qxb2 9. Rb1 Qa3 10. f5 Nc6 11. fxe6 fxe6 12. Nxc6 bxc6 13. Be2 Be7 14. O-O O-O
15. Rb3 Qa5 16. Be3 Qe5 17. Bd4 Qa5 18. Bb6 Qe5 1/2-1/2

[Event "24. European Club Cup 2008"]
[Site "Kallithea GRE"]
[Date "2008.10.23"]
[Round "7.17"]
[White "Michielsen, Joost"]
[Black "Schulz, Klaus-Juergen"]
[Result "1/2-1/2"]
[WhiteElo "2365"]
[BlackElo "2379"]
[PlyCount "81"]
[EventDate "2008.10.17"]
[EventType "team-swiss"]
[EventRounds "7"]
[EventCountry "GRE"]
[Source "lmi"]
[SourceDate "2008.10.17"]
[WhiteTeam "Utrecht"]
[BlackTeam "Eynatten"]

1. e4 e5 2. Nf3 Nc6 3. Bb5 a6 4. Ba4 Nf6 5. O-O Be7 6. Re1 b5 7. Bb3 O-O 8. c3
d6 9. d4 Bg4 10. d5 Na5 11. Bc2 c6 12. h3 Bc8 13. dxc6 Qc7 14. Nbd2 Qxc6 15.
Nf1 Nc4 16. Ng3 g6 17. a4 Bb7 18. Bd3 Nb6 19. Bh6 Rfc8 20. axb5 axb5 21. Qe2
Nc4 22. b3 Na3 23. Bd2 Nd7 24. Bc1 b4 25. cxb4 Nc2 26. Rxa8 Bxa8 27. Rd1 Nxb4
28. Bb5 Qc7 29. Bxd7 Qxd7 30. Nxe5 Qc7 31. Nc4 d5 32. exd5 Bxd5 33. Bb2 Be6 34.
Qe3 Nc6 35. Ne4 Bxc4 36. bxc4 Ne5 37. Qc3 f5 38. Rd7 Qxd7 39. Qxe5 Kf7 40. Qg7+
Ke6 41. Qe5+ 1/2-1/2

[Event "24. European Club Cup 2008"]
[Site "Kallithea GRE"]
[Date "2008.10.23"]
[Round "7.17"]
[White "Coenen, Norbert"]
[Black "Goes, Sten"]
[Result "1-0"]
[WhiteElo "2357"]
[BlackElo "2143"]
[PlyCount "98"]
[EventDate "2008.10.17"]
[EventType "team-swiss"]
[EventRounds "7"]
[EventCountry "GRE"]
[Source "lmi"]
[SourceDate "2008.10.17"]
[WhiteTeam "Eynatten"]
[BlackTeam "Utrecht"]

1. e4 c5 2. Nf3 d6 3. Bb5+ Nd7 4. O-O Ngf6 5. Re1 a6 6. Bf1 b6 7. d4 cxd4 8.
Nxd4 Bb7 9. f3 e6 10. c4 Be7 11. Nc3 O-O 12. Kh1 Rc8 13. a4 Qc7 14. a5 Qb8 15.
axb6 Nxb6 16. Qb3 Bd8 17. Be3 Nbd7 18. Bg1 Ne5 19. Nc2 Be7 20. Ne3 Qc7 21. Qa4
Nfd7 22. Qd1 Nb6 23. Na4 Nbd7 24. Bf2 Bf6 25. Qd2 Nc5 26. Qc2 h5 27. Red1 Nc6
28. Ra3 Rfd8 29. h3 Be5 30. Qd2 Rb8 31. b4 Nxa4 32. Rxa4 Ne7 33. Nc2 Ng6 34.
Be3 Qe7 35. Bg5 f6 36. Be3 d5 37. exd5 exd5 38. c5 Ra8 39. Nd4 Rdc8 40. Bd3 Nf8
41. Qa2 a5 42. c6 Rxc6 43. Nxc6 Bxc6 44. Bc5 Qe6 45. Rxa5 Re8 46. Ra6 Bb8 47.
Bg1 Qd7 48. Be4 Rd8 49. Rxc6 Qxc6 1-0

[Event "24. European Club Cup 2008"]
[Site "Kallithea GRE"]
[Date "2008.10.23"]
[Round "7.19"]
[White "Glek, Igor"]
[Black "Laurent, Bruno"]
[Result "1-0"]
[WhiteElo "2512"]
[BlackElo "2370"]
[PlyCount "59"]
[EventDate "2008.10.17"]
[EventType "team-swiss"]
[EventRounds "7"]
[EventCountry "GRE"]
[Source "lmi"]
[SourceDate "2008.10.17"]
[WhiteTeam "Eupen"]
[BlackTeam "Charleroi"]

1. d4 Nf6 2. c4 g6 3. Nc3 Bg7 4. e4 d6 5. Be2 O-O 6. Nf3 Na6 7. Bf4 Nh5 8. Bg5
h6 9. Be3 e5 10. Qd2 Kh7 11. O-O-O f5 12. exf5 Bxf5 13. dxe5 dxe5 14. g4 Bxg4
15. Ng5+ hxg5 16. Bxg4 Qxd2+ 17. Rxd2 Nf6 18. Bf3 c6 19. Ne4 Nxe4 20. Bxe4 Rf7
21. h4 gxh4 22. Rxh4+ Kg8 23. Bxg6 Rf6 24. Bh7+ Kf8 25. Bg5 Rf7 26. Bg6 Rc7 27.
Rd3 Nc5 28. Rf3+ Kg8 29. Bh7+ Kh8 30. b4 1-0

[Event "24. European Club Cup 2008"]
[Site "Kallithea GRE"]
[Date "2008.10.23"]
[Round "7.19"]
[White "Buhr, Carl Christian Dr"]
[Black "Akhayan, Ruben"]
[Result "0-1"]
[WhiteElo "2346"]
[BlackElo "2262"]
[PlyCount "112"]
[EventDate "2008.10.17"]
[EventType "team-swiss"]
[EventRounds "7"]
[EventCountry "GRE"]
[Source "lmi"]
[SourceDate "2008.10.17"]
[WhiteTeam "Eupen"]
[BlackTeam "Charleroi"]

1. Nf3 Nf6 2. c4 c5 3. e3 g6 4. d4 cxd4 5. exd4 d5 6. Nc3 Bg7 7. h3 O-O 8. Be2
Nc6 9. O-O b6 10. Ne5 Bb7 11. Bf3 e6 12. Bg5 h6 13. Bf4 Rc8 14. cxd5 Nxd5 15.
Nxd5 Nxe5 16. Nf6+ Qxf6 17. Bxb7 Qxf4 18. Bxc8 Nc6 19. Bb7 Nxd4 20. Rc1 Qxc1
21. Qxc1 Ne2+ 22. Kh1 Nxc1 23. Rxc1 Bxb2 24. Rc8 Rxc8 25. Bxc8 Bd4 26. Kg1 Kf8
27. Ba6 Ke7 28. Kf1 Kd6 29. Bb5 f5 30. Ke2 e5 31. Be8 g5 32. Bg6 f4 33. f3 Kc5
34. Kd3 Kb4 35. Bf7 Ka3 36. Kc2 b5 37. Kb1 Bb6 38. Be6 a5 39. Bf7 b4 40. Be6 a4
41. Kc2 h5 42. Bd5 h4 43. Bc4 Bd8 44. Bd5 Be7 45. Bc4 e4 46. fxe4 g4 47. Kb1 f3
48. gxf3 gxh3 49. Bf1 h2 50. Bg2 h3 51. Bh1 Bd6 52. e5 Bxe5 53. f4 Bxf4 54. Bc6
b3 55. axb3 Kxb3 56. Bd5+ Kc3 0-1

[Event "24. European Club Cup 2008"]
[Site "Kallithea GRE"]
[Date "2008.10.23"]
[Round "7.19"]
[White "Israel, Gregory"]
[Black "Ahn, Martin"]
[Result "1/2-1/2"]
[WhiteElo "2159"]
[BlackElo "2321"]
[PlyCount "77"]
[EventDate "2008.10.17"]
[EventType "team-swiss"]
[EventRounds "7"]
[EventCountry "GRE"]
[Source "lmi"]
[SourceDate "2008.10.17"]
[WhiteTeam "Charleroi"]
[BlackTeam "Eupen"]

1. d4 e6 2. Nc3 d5 3. e4 Bb4 4. e5 c5 5. a3 Bxc3+ 6. bxc3 Qc7 7. Bb5+ Bd7 8.
Bxd7+ Nxd7 9. Ne2 Rc8 10. Ra2 Ne7 11. O-O O-O 12. Qd3 cxd4 13. cxd4 Qc4 14.
Qxc4 Rxc4 15. Bd2 Rfc8 16. c3 b5 17. Rb1 a6 18. a4 Rxa4 19. Rxa4 bxa4 20. Kf1
Rb8 21. Ra1 Nb6 22. Ke1 Nc6 23. Nc1 Na5 24. Nd3 Nb3 25. Ra2 Nc4 26. Bg5 Kf8 27.
Rxa4 h6 28. Bf4 Nba5 29. Nb4 Rb6 30. Ra2 Ke7 31. Kd1 Kd7 32. Kc2 Kc8 33. Bc1
Kb7 34. Nd3 Ka7 35. Nc5 Nb7 36. Nd3 Rb5 37. Nb4 a5 38. Nd3 Kb6 39. Ba3 1/2-1/2

[Event "24. European Club Cup 2008"]
[Site "Kallithea GRE"]
[Date "2008.10.23"]
[Round "7.20"]
[White "Dancevski, Orce"]
[Black "Andriasian, Zaven"]
[Result "0-1"]
[WhiteElo "2421"]
[BlackElo "2561"]
[PlyCount "132"]
[EventDate "2008.10.17"]
[EventType "team-swiss"]
[EventRounds "7"]
[EventCountry "GRE"]
[Source "lmi"]
[SourceDate "2008.10.17"]
[WhiteTeam "Skopje"]
[BlackTeam "FIMA"]

1. e4 c5 2. c3 e6 3. d4 d5 4. exd5 exd5 5. Nf3 Nc6 6. Be3 cxd4 7. Nxd4 Nf6 8.
h3 Bd6 9. Nd2 O-O 10. Nxc6 bxc6 11. Bd3 c5 12. Nf3 h6 13. O-O Re8 14. Qd2 Bb7
15. Rfd1 Ne4 16. Bxe4 Rxe4 17. a3 a5 18. b4 axb4 19. axb4 cxb4 20. Bd4 Rxa1 21.
Rxa1 bxc3 22. Qxc3 f6 23. Qb3 Qd7 24. Rb1 Bc6 25. Qc3 Bb5 26. Qa5 Bc4 27. Be3
Re8 28. Qd2 Qf7 29. Rc1 Bf8 30. Nd4 Qg6 31. Rd1 Kh7 32. Rc1 Qe4 33. Ra1 Rb8 34.
Qc2 Bd6 35. Qxe4+ dxe4 36. g3 Rb7 37. Nf5 Be5 38. Ra4 Be2 39. Nh4 g5 40. Ng2
Rb1+ 41. Kh2 Bf3 42. Rc4 h5 43. Rc1 Rb3 44. h4 Bxg2 45. Kxg2 gxh4 46. gxh4 Kg6
47. Rc8 Kg7 48. Re8 Ra3 49. Re7+ Kg6 50. Re8 Ra5 51. Rh8 Bd6 52. Rd8 Be7 53.
Rd7 Kf7 54. Bb6 Re5 55. Be3 Ke6 56. Ra7 Kf5 57. Kh3 Bc5 58. Rh7 Kg6 59. Rh8 Kg7
60. Rc8 Bxe3 61. fxe3 Rf5 62. Kg2 Rf3 63. Rc4 Rxe3 64. Kf2 Rf3+ 65. Kg2 Rf4 66.
Kh3 Rg4 0-1

[Event "24. European Club Cup 2008"]
[Site "Kallithea GRE"]
[Date "2008.10.23"]
[Round "7.20"]
[White "Melkumyan, Hrant"]
[Black "Mitkov, Marjan"]
[Result "1/2-1/2"]
[WhiteElo "2541"]
[BlackElo "2372"]
[PlyCount "88"]
[EventDate "2008.10.17"]
[EventType "team-swiss"]
[EventRounds "7"]
[EventCountry "GRE"]
[Source "lmi"]
[SourceDate "2008.10.17"]
[WhiteTeam "FIMA"]
[BlackTeam "Skopje"]

1. d4 d5 2. c4 c6 3. Nf3 Nf6 4. Nc3 e6 5. Bg5 Nbd7 6. e3 Qa5 7. cxd5 Nxd5 8.
Qd2 Bb4 9. Rc1 c5 10. Bd3 b6 11. O-O h6 12. Bh4 O-O 13. Bb1 Bxc3 14. bxc3 cxd4
15. exd4 Ba6 16. Qc2 N7f6 17. c4 Rfc8 18. Ne5 Rc7 19. Bxf6 Nxf6 20. Ng4 Qg5 21.
Nxf6+ gxf6 22. f4 Qg7 23. Rf3 Rxc4 24. Qb2 Rxc1+ 25. Qxc1 Kh8 26. Rg3 Qf8 27.
h3 f5 28. Qb2 Kh7 29. d5 Qc5+ 30. Kh2 Rg8 31. Rxg8 Kxg8 32. dxe6 fxe6 33. Qf6
Bc4 34. Qg6+ Kf8 35. Qxh6+ Kg8 36. Qg6+ Kf8 37. Qf6+ Kg8 38. h4 Qf8 39. Qg5+
Qg7 40. g4 Qxg5 41. hxg5 fxg4 42. Kg3 Be2 43. f5 exf5 44. Bxf5 b5 1/2-1/2

[Event "24. European Club Cup 2008"]
[Site "Kallithea GRE"]
[Date "2008.10.23"]
[Round "7.20"]
[White "Hayrapetian, Arman"]
[Black "Ilic, Ljubomir"]
[Result "1/2-1/2"]
[WhiteElo "2402"]
[BlackElo "2297"]
[PlyCount "99"]
[EventDate "2008.10.17"]
[EventType "team-swiss"]
[EventRounds "7"]
[EventCountry "GRE"]
[Source "lmi"]
[SourceDate "2008.10.17"]
[WhiteTeam "FIMA"]
[BlackTeam "Skopje"]

1. e4 d5 2. exd5 Qxd5 3. Nc3 Qa5 4. d4 Nf6 5. Bc4 Bg4 6. f3 Bf5 7. g4 Bg6 8. h4
h6 9. Nge2 Nbd7 10. Nf4 e5 11. Nxg6 fxg6 12. Bd2 Qb6 13. Qe2 O-O-O 14. dxe5
Nxe5 15. O-O-O Nxc4 16. Qxc4 Bb4 17. Rhe1 Bxc3 18. Qxc3 Rhe8 19. g5 hxg5 20.
hxg5 Nh5 21. Kb1 Rxe1 22. Rxe1 Qd4 23. Kc1 Qxc3 24. Bxc3 Rf8 25. Re6 Rxf3 26.
Rxg6 Rf7 27. Re6 Kd7 28. Re5 g6 29. Kd2 c6 30. Bd4 b6 31. c4 Rf4 32. Kd3 Ng3
33. Re1 Rf3+ 34. Re3 Rxe3+ 35. Bxe3 Nf5 36. Bf2 c5 37. a3 Ke6 38. b4 cxb4 39.
axb4 Nd6 40. c5 bxc5 41. Bxc5 a6 42. Bxd6 Kxd6 43. Kd4 Kc6 44. Ke5 Kb5 45. Kf6
Kxb4 46. Kxg6 a5 47. Kf5 a4 48. g6 a3 49. g7 a2 50. g8=Q 1/2-1/2

[Event "24. European Club Cup 2008"]
[Site "Kallithea GRE"]
[Date "2008.10.23"]
[Round "7.20"]
[White "Simjanovski, Saso"]
[Black "Hambardzumian, Yuri"]
[Result "0-1"]
[WhiteElo "2223"]
[BlackElo "2355"]
[PlyCount "92"]
[EventDate "2008.10.17"]
[EventType "team-swiss"]
[EventRounds "7"]
[EventCountry "GRE"]
[Source "lmi"]
[SourceDate "2008.10.17"]
[WhiteTeam "Skopje"]
[BlackTeam "FIMA"]

1. Nf3 c5 2. g3 Nc6 3. Bg2 g6 4. O-O Bg7 5. e4 d6 6. Nc3 e5 7. d3 Nge7 8. Nd2
O-O 9. Nc4 Be6 10. Ne3 f5 11. f4 Rb8 12. a4 Kh8 13. Ncd5 Bg8 14. c3 Nxd5 15.
Nxd5 Ne7 16. fxe5 dxe5 17. Bg5 Bxd5 18. exd5 Qd6 19. Bxe7 Qxe7 20. Qd2 b6 21.
a5 b5 22. a6 Rb6 23. Ra5 Rfb8 24. Re1 h5 25. Qe3 c4 26. dxc4 bxc4 27. Bf1 Rxb2
28. Bxc4 e4 29. Rc5 Kh7 30. Be2 R8b6 31. Rc8 Rc2 32. Bd1 Ra2 33. Be2 Rc2 34.
Rc1 Rxc1+ 35. Qxc1 Qd7 36. Ra8 Bh6 37. Qa3 f4 38. gxf4 Rb1+ 39. Kg2 Re1 40. Kf2
Rb1 41. Qc5 Rb6 42. Bb5 Qf7 43. Ke2 Bg7 44. d6 Qa2+ 45. Ke3 Qb1 46. Qb4 Qe1+
0-1

[Event "24. European Club Cup 2008"]
[Site "Kallithea GRE"]
[Date "2008.10.23"]
[Round "7.20"]
[White "Khalikian, Hovik"]
[Black "Vladimirov, Vladimir"]
[Result "1-0"]
[WhiteElo "2360"]
[BlackElo "2227"]
[PlyCount "55"]
[EventDate "2008.10.17"]
[EventType "team-swiss"]
[EventRounds "7"]
[EventCountry "GRE"]
[Source "lmi"]
[SourceDate "2008.10.17"]
[WhiteTeam "FIMA"]
[BlackTeam "Skopje"]

1. a3 Nf6 2. Nf3 d5 3. e3 Nc6 4. b4 a6 5. Bb2 Bg4 6. c4 e6 7. cxd5 exd5 8. d3
Bd6 9. Be2 O-O 10. Nbd2 Qe7 11. O-O Rad8 12. h3 Bf5 13. Qb3 Ne5 14. Bxe5 Bxe5
15. Nxe5 Qxe5 16. Nf3 Qd6 17. a4 c6 18. Rfc1 Ra8 19. Rab1 Rfc8 20. Rb2 h6 21.
Qc3 Bd7 22. Qd4 Ne8 23. Ne5 Be6 24. f4 f6 25. Ng6 a5 26. Qc5 Kh7 27. Nf8+ Kg8
28. Qxd6 1-0

[Event "24. European Club Cup 2008"]
[Site "Kallithea GRE"]
[Date "2008.10.23"]
[Round "7.21"]
[White "Makoli, Perparim"]
[Black "Beinoras, Mindaugas"]
[Result "1/2-1/2"]
[WhiteElo "2215"]
[BlackElo "2434"]
[PlyCount "37"]
[EventDate "2008.10.17"]
[EventType "team-swiss"]
[EventRounds "7"]
[EventCountry "GRE"]
[Source "lmi"]
[SourceDate "2008.10.17"]
[WhiteTeam "Istog"]
[BlackTeam "Panevezys"]

1. d4 f5 2. g3 Nf6 3. Bg2 g6 4. c4 Bg7 5. Nc3 O-O 6. Nh3 d6 7. d5 Na6 8. Be3 e5
9. dxe6 c6 10. Ng5 Qe7 11. Bf4 Ne8 12. Qd2 Nc5 13. Rd1 Nxe6 14. Nxe6 Bxe6 15.
b3 Be5 16. O-O Qf6 17. Bxe5 dxe5 18. Na4 Rf7 19. Qa5 1/2-1/2

[Event "24. European Club Cup 2008"]
[Site "Kallithea GRE"]
[Date "2008.10.23"]
[Round "7.22"]
[White "Lagerman, Robert"]
[Black "Hermansson, Emil"]
[Result "1/2-1/2"]
[WhiteElo "2363"]
[BlackElo "2423"]
[PlyCount "103"]
[EventDate "2008.10.17"]
[EventType "team-swiss"]
[EventRounds "7"]
[EventCountry "GRE"]
[Source "lmi"]
[SourceDate "2008.10.17"]
[WhiteTeam "Hellir"]
[BlackTeam "Rockaden"]

1. e4 c5 2. Nf3 Nc6 3. d4 cxd4 4. Nxd4 Nf6 5. Nc3 e5 6. Ndb5 d6 7. Nd5 Nxd5 8.
exd5 Nb8 9. c4 Be7 10. Be2 O-O 11. O-O f5 12. f4 a6 13. Nc3 Bf6 14. Qc2 g6 15.
Kh1 Nd7 16. Be3 exf4 17. Bxf4 Be5 18. Qd2 Qc7 19. Rac1 b6 20. b3 Bxf4 21. Qxf4
Ne5 22. Rfd1 Bd7 23. h3 Qc5 24. Bf1 Kg7 25. Ne2 Rae8 26. Nd4 h6 27. Qd2 a5 28.
Qb2 g5 29. a3 g4 30. b4 axb4 31. axb4 Qc7 32. c5 bxc5 33. bxc5 dxc5 34. Ne6+
Bxe6 35. d6 Qf7 36. Qxe5+ Qf6 37. Qxc5 Rc8 38. Qa7+ Rf7 39. Qb6 gxh3 40. Rxc8
Bxc8 41. gxh3 f4 42. Bc4 Qc3 43. Qd4+ Qxd4 44. Rxd4 Ra7 45. Kg2 Kf6 46. Rxf4+
Ke5 47. Rf8 Rg7+ 48. Kh2 Bb7 49. Bf1 Rd7 50. Re8+ Kf6 51. Rb8 Bd5 52. Rb6
1/2-1/2

[Event "24. European Club Cup 2008"]
[Site "Kallithea GRE"]
[Date "2008.10.23"]
[Round "7.22"]
[White "Bjornsson, Sigurbjorn"]
[Black "Blomqvist, Erik"]
[Result "0-1"]
[WhiteElo "2323"]
[BlackElo "2418"]
[PlyCount "74"]
[EventDate "2008.10.17"]
[EventType "team-swiss"]
[EventRounds "7"]
[EventCountry "GRE"]
[Source "lmi"]
[SourceDate "2008.10.17"]
[WhiteTeam "Hellir"]
[BlackTeam "Rockaden"]

1. e4 c5 2. Nf3 d6 3. d4 cxd4 4. Nxd4 Nf6 5. Nc3 a6 6. Be3 e5 7. Nf3 Be7 8. Bc4
O-O 9. O-O Be6 10. Bxe6 fxe6 11. Qd3 h6 12. Na4 Nbd7 13. Qb3 Kf7 14. c4 Qc7 15.
Nd2 Qc6 16. f3 b5 17. cxb5 axb5 18. Nc3 Rfb8 19. Rac1 Nc5 20. Bxc5 dxc5 21. f4
c4 22. Qd1 exf4 23. Rxf4 Rd8 24. Qe2 Bd6 25. Rff1 Kg8 26. Kh1 Be5 27. Nf3 Bxc3
28. Rxc3 Rxa2 29. Ne5 Qc5 30. Ng6 Qh5 31. Ne7+ Kh8 32. Qc2 Ng4 33. h3 Ne5 34.
Qf2 Qg5 35. Qc5 Rxb2 36. Rg1 Kh7 37. Qc7 Rd7 0-1